[Event "Oberliga Nord N 1516"]
[Site "Germany"]
[Date "2016.01.17"]
[Round "5.6"]
[White "Riess, Alexander"]
[Black "Gaede, Derek"]
[Result "1/2-1/2"]
[WhiteElo "2256"]
[BlackElo "2253"]
[PlyCount "88"]
[EventDate "2015.09.20"]
[EventType "team-tourn"]
[EventRounds "9"]
[EventCountry "GER"]
[SourceTitle "CBM 170 Extra"]
[Source "ChessBase"]
[SourceDate "2016.02.25"]
[SourceVersion "1"]
[SourceVersionDate "2016.02.25"]
[SourceQuality "1"]
[WhiteTeam "Luebeck"]
[BlackTeam "Hamburger SK III"]
[WhiteTeamCountry "GER"]
[BlackTeamCountry "GER"]

1. d4 Nf6 2. c4 e6 3. Nc3 Bb4 4. Qc2 0-0 5. a3 Bxc3+ 6. Qxc3 b6 7. Bg5 Bb7 8. e3 d6 9. Ne2 Nbd7 10. Qc2 e5 11. Rd1 Qe7 12. Nc3 exd4 13. Rxd4 Rfe8 14. Be2 h6 15. Bf4 Nc5 16. Nd5 Qd8 17. Bg3 Nfe4 18. Bf3 Ng5 19. Bh5 Nge4 20. b4 Nxg3 21. hxg3 Ne6 22. Rd1 c6 23. Nc3 Qe7 24. 0-0 Rad8 25. Qb3 a6 26. Bg4 Ng5 27. Bf5 Qe5 28. Bb1 d5 29. cxd5 cxd5 30. Ne2 d4 31. Nxd4 Ne4 32. Bxe4 Qxe4 33. Nf3 Rd5 34. Rxd5 Bxd5 35. Qc3 Qg4 36. Nd2 Ba8 37. Qc7 Qe2 38. Qd7 Rxe3 39. Rc1 Re8 40. Rc8 Qd1+ 41. Kh2 Qh5+ 42. Kg1 Qd1+ 43. Kh2 Qh5+ 44. Kg1 Qd1+ 1/2-1/2

[Event "Oberliga Nord N 1415"]
[Site "Germany"]
[Date "2015.02.01"]
[Round "6.4"]
[White "Gaede, Derek"]
[Black "Moshtael, Wesal"]
[Result "0-1"]
[WhiteElo "2264"]
[BlackElo "2200"]
[PlyCount "80"]
[EventDate "2014.09.21"]
[EventType "team-tourn"]
[EventRounds "9"]
[EventCountry "GER"]
[SourceTitle "EXT 2016"]
[Source "ChessBase"]
[SourceDate "2015.10.08"]
[SourceVersion "1"]
[SourceVersionDate "2015.10.08"]
[SourceQuality "1"]
[WhiteTeam "Hamburger SK III"]
[BlackTeam "Eppendorf Johanneum"]
[WhiteTeamCountry "GER"]
[BlackTeamCountry "GER"]

1. d4 Nf6 2. c4 e6 3. Nf3 d5 4. g3 Bb4+ 5. Bd2 Be7 6. Bg2 0-0 7. Qc2 b6 8. cxd5 exd5 9. 0-0 Bb7 10. Ne5 c5 11. Nc3 Na6 12. Rfd1 cxd4 13. Nb5 Qe8 14. Nxd4 Rc8 15. Bc3 Bb4 16. Qf5 Bxc3 17. bxc3 Rxc3 18. Ng4 Ne4 19. Qf4 Nac5 20. f3 Ne6 21. Qe5 Nxd4 22. Rxd4 Qxe5 23. Nxe5 Nf6 24. Rad1 h6 25. f4 Rc2 26. R1d2 Rfc8 27. a4 Rxd2 28. Rxd2 Kf8 29. Kf2 Ke7 30. g4 g5 31. e3 Rc5 32. Kg3 Rc3 33. Kf3 Rc5 34. h3 Bc8 35. Ra2 Be6 36. f5 Bd7 37. Nd3 Ra5 38. Rc2 Kd6 39. Nb2 Bxa4 40. Rc8 Bd7 0-1

[Event "Oberliga Nord N 1415"]
[Site "Germany"]
[Date "2014.10.19"]
[Round "2.3"]
[White "Hansen, Mads"]
[Black "Gaede, Derek"]
[Result "1-0"]
[WhiteElo "2312"]
[BlackElo "2264"]
[PlyCount "131"]
[EventDate "2014.09.21"]
[EventType "team-tourn"]
[EventRounds "9"]
[EventCountry "GER"]
[SourceTitle "EXT 2016"]
[Source "ChessBase"]
[SourceDate "2015.10.08"]
[SourceVersion "1"]
[SourceVersionDate "2015.10.08"]
[SourceQuality "1"]
[WhiteTeam "Preetz"]
[BlackTeam "Hamburger SK III"]
[WhiteTeamCountry "GER"]
[BlackTeamCountry "GER"]

1. e4 e6 2. d4 d5 3. Nc3 Nf6 4. e5 Nfd7 5. f4 c5 6. Nf3 Nc6 7. Be3 cxd4 8. Nxd4 Bc5 9. Qd2 0-0 10. 0-0-0 a6 11. h4 Nxd4 12. Bxd4 b5 13. h5 Qa5 14. Kb1 Bxd4 15. Qxd4 b4 16. Ne2 Qc5 17. g4 a5 18. Bg2 Ba6 19. Qxc5 Nxc5 20. Nd4 Rac8 21. f5 Rfe8 22. Rhe1 h6 23. Re3 Kh8 24. Bf3 Nd7 25. fxe6 fxe6 26. b3 Nc5 27. g5 hxg5 28. Bg4 Kh7 29. Kb2 Kh6 30. a3 Rc7 31. axb4 axb4 32. Ra1 Rf7 33. Nxe6 Bc8 34. Nxc5 Bxg4 35. Ra6+ Kxh5 36. Nd3 Bf3 37. e6 Rf6 38. Re5 Kh4 39. Nxb4 g4 40. Nd3 g3 41. Ra4+ Bg4 42. Ra1 g2 43. Rg1 Kg3 44. Rg5 Rfxe6 45. Rxg2+ Kxg2 46. Rxg4+ Kf3 47. Rxg7 Ke3 48. Nb4 d4 49. Nd5+ Kd2 50. Nc7 Rc6 51. Nxe8 Rxc2+ 52. Ka3 Rc6 53. Nc7 d3 54. Nd5 Rc5 55. Rg5 Kc1 56. b4 Rc8 57. Kb3 Re8 58. Rg1+ Kd2 59. b5 Re5 60. Kc4 Re4+ 61. Kc5 Kc2 62. Nb4+ Kc3 63. Nxd3 Rc4+ 64. Kb6 Kxd3 65. Rg3+ Kd2 66. Ka6 1-0

[Event "Oberliga Nord N 1415"]
[Site "Germany"]
[Date "2014.09.21"]
[Round "1.3"]
[White "Gaede, Derek"]
[Black "Korba, Roman"]
[Result "1/2-1/2"]
[WhiteElo "2264"]
[BlackElo "2224"]
[PlyCount "111"]
[EventDate "2014.09.21"]
[EventType "team-tourn"]
[EventRounds "9"]
[EventCountry "GER"]
[SourceTitle "EXT 2016"]
[Source "ChessBase"]
[SourceDate "2015.10.08"]
[SourceVersion "1"]
[SourceVersionDate "2015.10.08"]
[SourceQuality "1"]
[WhiteTeam "Hamburger SK III"]
[BlackTeam "Hamburg Diogenes"]
[WhiteTeamCountry "GER"]
[BlackTeamCountry "GER"]

1. d4 Nf6 2. c4 e6 3. Nc3 Bb4 4. Qc2 0-0 5. Bg5 h6 6. Bh4 c5 7. e3 d5 8. Nf3 Nc6 9. a3 Ba5 10. dxc5 Bxc3+ 11. Qxc3 g5 12. Bg3 Ne4 13. Qc1 Qf6 14. Bd3 Nxc5 15. Bb1 Rd8 16. Nd2 d4 17. 0-0 d3 18. Ra2 a5 19. b3 e5 20. Qc3 Qe7 21. b4 axb4 22. axb4 Rxa2 23. Bxa2 Na4 24. Qa1 Qxb4 25. Ne4 Qb2 26. c5 Qxa1 27. Rxa1 d2 28. Rd1 Bf5 29. Nd6 Be6 30. Bxe6 fxe6 31. Rxd2 Nxc5 32. Kf1 Kf8 33. Ke2 Ke7 34. Nc4 Rxd2+ 35. Kxd2 Ne4+ 36. Kd3 Nxg3 37. hxg3 h5 38. Ke4 Kf6 39. Nd6 b6 40. Kd3 Nb4+ 41. Kc3 Nd5+ 42. Kc4 Kg6 43. e4 Nf6 44. f3 g4 45. Kb5 gxf3 46. gxf3 h4 47. gxh4 Kh5 48. Nc4 Kxh4 49. Kxb6 Kg3 50. Nd2 Nh7 51. Kc6 Ng5 52. Kd6 Kf4 53. Nc4 Nxf3 54. Kxe6 Ng5+ 55. Kd5 Nxe4 56. Nxe5 1/2-1/2

[Event "Oberliga Nord N 1314"]
[Site "Germany"]
[Date "2013.12.15"]
[Round "4.4"]
[White "Gaede, Derek"]
[Black "Reichmann, Hendrik"]
[Result "1-0"]
[WhiteElo "2244"]
[BlackElo "2360"]
[PlyCount "65"]
[EventDate "2013.10.13"]
[EventType "team-tourn"]
[EventRounds "9"]
[EventCountry "GER"]
[SourceTitle "EXT 2015"]
[Source "ChessBase"]
[SourceDate "2014.11.20"]
[SourceVersion "1"]
[SourceVersionDate "2014.11.20"]
[SourceQuality "1"]
[WhiteTeam "Hamburger SK III"]
[BlackTeam "Schwerin"]
[WhiteTeamCountry "GER"]
[BlackTeamCountry "GER"]

1. d4 d6 2. c4 e5 3. Nf3 Nd7 4. Nc3 Ngf6 5. e3 c6 6. Be2 Be7 7. 0-0 0-0 8. Qc2 Re8 9. Rd1 Bf8 10. dxe5 dxe5 11. b3 Qe7 12. Bb2 g6 13. Ng5 e4 14. Rd4 Nc5 15. b4 h6 16. Nxf7 Qxf7 17. bxc5 Bxc5 18. Rxe4 Nxe4 19. Nxe4 Be7 20. Rd1 Bf5 21. c5 Rad8 22. Qc3 Kh7 23. Nd6 Bxd6 24. cxd6 Rd7 25. Rd4 Qxa2 26. h4 Qb1+ 27. Bd1 h5 28. Kh2 c5 29. Rd5 Qe4 30. Rxc5 Qxh4+ 31. Kg1 Qd8 32. Ba4 Rg8 33. Bxd7 1-0